LEADER 01249nam a2200277 u 4500 001 000000106987 003 CaOOAMICUS 005 20070913164932.0 008 070913s1982 it u000 u ita u 020 $a88-211-7660-6 040 $aPUL$bita$dLDB 041 1 $aita$hger 100 1 $aGinters, Rudolf.$0(OLS)http://pul/name/44749 240 10$aWerte und Normen. Einführung in die philosophische und theologische Ethik$lItaliano.$0(OLS)http://pul/title/134732 245 10$aValori, norme e fede cristiana :$bintroduzione all'etica filosofica e teologica /$cRudolf Ginters. 260 $aGenova :$bMarietti,$cc1982. 300 $a239 p. ;$c25 cm 490 1 $aCollana teologica 650 4$aLibertà (filosofia).$0(OLS)http://pul/subject/9862 830 0$aCollana teologica (Marietti).$0(OLS)http://pul/title/12304 850 $aPUL 852 $aPUL$W1$xSL Religione 1$y3$m37 A 84$j121193$qStampati$B120308$CPULBib$Z2$F120308 $H50368 $82 941 1 $a8 996 $6020$a88-211-7660-6$9(OLS)http://pul/number/135621 996 $6245$aValori, norme e fede cristiana :$bintroduzione all'etica filosofica e teologica$9(OLS)http://pul/title/134731 996 $6260$aGenova :$bMarietti$9(OLS)http://pul/publisher/48994 LEADER 01288nam a2200265 a 4500 001 000000164989 003 CaOOAMICUS 005 20171220153450.0 008 171220s1993 it m u001 u fre d 032 $aLibriCat 040 $aPUL$bita 100 1 $aNdorimana, Jean.$0(OLS)http://pul/name/106188 245 14$aLes associations privés de laïcs (cc 327-329) : $bune opportunité pastorale pour l'Eglise du Rwanda /$cJean Ndorimana. 260 $aRoma :$b[s.n.],$c1993. 300 $axiv, 206 p. ;$c24 cm. 502 $aEstratto di Tesi. Pontificia Università Urbaniana, Facoltà di Diritto Canonico.1993. 504 $aBibliografia in nota a piè pagina. 650 04$aAssociazioni di fedeli (Diritto canonico).$0(OLS)http://pul/subject/34937 710 2 $aPontificia Università Urbaniana.$bFacoltà di diritto canonico$kTesi.$0(OLS)http://pul/name/84567 850 $aPUL 852 $aPUL$W1$xDP1 Tesi Pon. Univ. Urbaniana$y49$mTH URB 264$j189233$qTesi$B192305$CPULBib$Z2$F192305 $H71650 $82 941 1 $a16 996 $6245$aLes associations privés de laïcs (cc 327-329) : $bune opportunité pastorale pour l'Eglise du Rwanda$9(OLS)http://pul/title/204681 996 $6260$aRoma :$b[s.n.]$9(OLS)http://pul/publisher/47958